书目信息 |
| 题名: |
中小学实验教学指导与创新案例
|
|
| 作者: | 夏国明 丛书主编 ;罗敏 , 李孟 主编 ;中国教育装备行业协会 编 | |
| 分册: | 高中化学 | |
| 出版信息: | 北京 教育科学出版社 2024.06 |
|
| 页数: | 245页 | |
| 开本: | 24cm | |
| 丛书名: | ||
| 单 册: | ||
| 中图分类: | G632.421 , G633.83 | |
| 科图分类: | ||
| 主题词: | 实验教学法--教学研究--中小学 , 中学化学课--实验--教学研究--高中 | |
| 电子资源: | ||
| ISBN: | 978-7-5191-4039-7 | |
| 000 | 01399nam0 2200337 450 | |
| 001 | 0100084411 | |
| 005 | 20250616160200.1 | |
| 010 | @a978-7-5191-4039-7@dCNY46.00 | |
| 035 | @a(A100000NLC)013273690 | |
| 049 | @aA100000NLC@bUCS01012914847@c013273690@dNLC01 | |
| 100 | @a20241129d2024 em y0chiy50 ea | |
| 101 | 0 | @achi |
| 102 | @aCN@b110000 | |
| 105 | @aa z 000yy | |
| 106 | @ar | |
| 200 | 1 | @a中小学实验教学指导与创新案例@9zhong xiao xue shi yan jiao xue zhi dao yu chuang xin an li@i高中化学@b专著@f中国教育装备行业协会编 |
| 210 | @a北京@c教育科学出版社@d2024.06 | |
| 215 | @a245页@c图,照片@d24cm | |
| 314 | @a丛书主编:夏国明;主编:罗敏、李孟 | |
| 330 | @a本书分为高中化学实验教学设计原则与理论指导、实验教学创新案例两章,涵盖了普通高中化学课程标准实验教学要求分析、不同版本高中化学教材实验教学对比分析、84消毒液使用方法的探究、过氧化钠与水反应的异常现象及反应历程探究等。 | |
| 333 | @a教学研究相关人员 | |
| 606 | 0 | @a实验教学法@x教学研究@x中小学 |
| 606 | 0 | @a中学化学课@x实验@x教学研究@x高中 |
| 690 | @aG632.421@v5 | |
| 690 | @aG633.83@v5 | |
| 701 | 0 | @a夏国明@9xia guo ming@4丛书主编 |
| 702 | 0 | @a罗敏@9luo min@4主编 |
| 702 | 0 | @a李孟@9li meng@4主编 |
| 712 | 02 | @a中国教育装备行业协会@9zhong guo jiao yu zhuang bei hang ye xie hui@4编 |
| 801 | 0 | @aCN@b人天书店@c20250616 |
| 905 | @b1624645-9@b216246462@b216246471@b216246480@b216246499@dG632.421@e2995@f5 | |
| 中小学实验教学指导与创新案例.高中化学/中国教育装备行业协会编.-北京:教育科学出版社,2024.06 |
| 245页:图,照片;24cm |
| 使用对象:教学研究相关人员 |
| ISBN 978-7-5191-4039-7:CNY46.00 |
| 本书分为高中化学实验教学设计原则与理论指导、实验教学创新案例两章,涵盖了普通高中化学课程标准实验教学要求分析、不同版本高中化学教材实验教学对比分析、84消毒液使用方法的探究、过氧化钠与水反应的异常现象及反应历程探究等。 |
| ● |
| 相关链接 |
|
|
|
|
正题名:中小学实验教学指导与创新案例
索取号:G632.421/2995
 
预约/预借
| 序号 | 登录号 | 条形码 | 馆藏地/架位号 | 状态 | 备注 |
| 1 | 1624645 | 216246453 | 第一样本阅览室/ [索取号:G632.421/2995] | 在馆 | |
| 2 | 1624646 | 216246462 | 第四借阅区/ [索取号:G632.421/2995] | 在馆 | |
| 3 | 1624647 | 216246471 | 第四借阅区/ [索取号:G632.421/2995] | 在馆 | |
| 4 | 1624648 | 216246480 | 第四借阅区/ [索取号:G632.421/2995] | 在馆 | |
| 5 | 1624649 | 216246499 | 第四借阅区/ [索取号:G632.421/2995] | 在馆 |